Score 0/32 Timer 03:00
0 Plays Today
Hint 3-Letter Word % Correct
* Women's undergarment measured in cup size ** BRA *
99.2%
Where a scientist might be foundLAB
92.8%
* A long thin fluffy scarf of feathers ** BOA *
91.2%
The lever on a soda canTAB
89.4%
* Headdress often taken off when indoors ** HAT *
89.2%
* Formal evening dress for men, for short ** TUX *
88.1%
Shark featureFIN
87.6%
Governmental levy or chargeTAX
86.5%
A motor vehicle with four wheelsCAR
85.5%
Common term for a policemanCOP
85.5%
Above average sizeBIG
85.4%
* Headgear worn to a sporting event ** CAP *
85.3%
Pleasantly entertainingFUN
84.8%
* Neckwear typically worn by men ** TIE *
83.9%
A relatively insignificant lieFIB
83.8%
* A napkin tucked into the shirt when eating ** BIB *
83.5%
Hint 3-Letter Word % Correct
GratuityTIP
82.5%
* A garment that covers the upper body ** TOP *
82%
* A garment made from animal pelt ** FUR *
80.3%
* Hairpiece with a prearranged hairdo ** WIG *
79.9%
Crude one room shelterHUT
78.5%
A legal agreement setting forth rulesLAW
75.8%
To utter 'tsk' as in disapprovalTUT
75.3%
An inferior dog or one of mixed breedCUR
73.3%
* A decorative interlacing of ribbons ** BOW *
69.6%
Money requested for services renderedFEE
68.7%
* A close-fitting pullover shirt with a rounded collar ** TEE *
66.6%
Less than normalLOW
66.1%
HumorWIT
65.6%
* A red, flat-topped coned, felt cap with a tassel ** FEZ *
61.8%
Famous tattoo artist Von DKAT
58.2%
* An athlete's uniform ** KIT *
51.9%

Today's Daily Dose

Word Ladder
Silence

Get the Picture
Philly Team Facts

You're not logged in!

Compare scores with friends on all Sporcle quizzes.
OR
Log In

Sporcle TV

Today on Sporcle TV


Watch our educational content, quiz creation guides, and fun videos on Sporcle TV.

Show Comments

Extras

Top Quizzes Today


Score Distribution

Your Account Isn't Verified!

In order to create a playlist on Sporcle, you need to verify the email address you used during registration. Go to your Sporcle Settings to finish the process.

Report this User

Report this user for behavior that violates our Community Guidelines.

Details: